[Event "BRA-ch Amateur U2000"]
[Site "Sao Paulo"]
[Date "2018.06.03"]
[Round "7"]
[White "Fernandes, Rene"]
[Black "Souza, Rodrigo Vilas Boas"]
[Result "1-0"]
[WhiteElo "1997"]
[BlackElo "1890"]
[PlyCount "35"]
[EventDate "2018.05.31"]
[EventType "swiss"]
[EventRounds "7"]
[EventCountry "BRA"]
[SourceTitle "EXT 2021"]
[Source "ChessBase"]
[SourceDate "2020.10.23"]
[SourceVersion "1"]
[SourceVersionDate "2020.10.23"]
[SourceQuality "1"]

1. d4 Nf6 2. Nf3 c5 3. c3 cxd4 4. cxd4 g6 5. Nc3 d5 6. g3 Bg7 7. Bg2 0-0 8. 0-0 b6 9. Ne5 Bb7 10. Bf4 Nbd7 11. Qb3 e6 12. a4 Ne4 13. Rfc1 Nxe5 14. Bxe5 f6 15. Bf4 g5 16. Be3 Qe7 17. Nb5 Nd6 18. Qa3 1-0

[Event "BRA-ch Amateur U2000"]
[Site "Sao Paulo"]
[Date "2018.06.02"]
[Round "6"]
[White "Reinaldo Dos Santos, Julio"]
[Black "Fernandes, Rene"]
[Result "0-1"]
[WhiteElo "1940"]
[BlackElo "1997"]
[PlyCount "64"]
[EventDate "2018.05.31"]
[EventType "swiss"]
[EventRounds "7"]
[EventCountry "BRA"]
[SourceTitle "EXT 2021"]
[Source "ChessBase"]
[SourceDate "2020.10.23"]
[SourceVersion "1"]
[SourceVersionDate "2020.10.23"]
[SourceQuality "1"]

1. d4 Nf6 2. c4 g6 3. Nc3 Bg7 4. e4 d6 5. Nf3 0-0 6. Be2 e5 7. 0-0 Nc6 8. d5 Ne7 9. Ne1 Nd7 10. Be3 f5 11. f3 f4 12. Bf2 g5 13. Nd3 Ng6 14. Rc1 Nf6 15. c5 Rf7 16. cxd6 cxd6 17. Nb5 g4 18. a4 g3 19. hxg3 fxg3 20. Bxg3 Nh5 21. Bh2 Bh6 22. Rc3 a6 23. Na3 Ngf4 24. Nxf4 Bxf4 25. Bxf4 Nxf4 26. Kf2 Qb6+ 27. Re3 Nxg2 28. Nc4 Qd8 29. Rg1 Qh4+ 30. Kf1 Rg7 31. Bd3 Qh2 32. Rxg2 Qh1+ 0-1

[Event "BRA-ch Amateur U2000"]
[Site "Sao Paulo"]
[Date "2018.06.01"]
[Round "3"]
[White "Fernandes, Rene"]
[Black "Farias, Jose Nogueira de"]
[Result "1-0"]
[WhiteElo "1997"]
[BlackElo "1861"]
[PlyCount "68"]
[EventDate "2018.05.31"]
[EventType "swiss"]
[EventRounds "7"]
[EventCountry "BRA"]
[SourceTitle "EXT 2021"]
[Source "ChessBase"]
[SourceDate "2020.10.23"]
[SourceVersion "1"]
[SourceVersionDate "2020.10.23"]
[SourceQuality "1"]

1. e4 e5 2. Nf3 Nf6 3. Nc3 Nc6 4. Bb5 Bc5 5. 0-0 d6 6. h3 a6 7. Bxc6+ bxc6 8. d4 exd4 9. Nxd4 Bd7 10. Bg5 h6 11. Bh4 Qc8 12. Kh2 Nh7 13. Nb3 Bb6 14. Qd3 0-0 15. Rad1 f5 16. f3 g5 17. Bf2 Bxf2 18. Rxf2 Qe8 19. Qd4 fxe4 20. Nxe4 Bf5 21. Ng3 c5 22. Qc3 Bg6 23. Qc4+ Bf7 24. Qc3 Bg6 25. Re2 Qb5 26. Re6 Kf7 27. Rde1 Rfe8 28. Nd4 Qb4 29. Re7+ Rxe7 30. Rxe7+ Kf8 31. Qxb4 cxb4 32. Rxc7 Nf6 33. Ne6+ Ke8 34. Rg7 Bxc2 1-0

[Event "BRA-ch Amateur U2000"]
[Site "Sao Paulo"]
[Date "2018.06.01"]
[Round "4"]
[White "Simao Vasconcellos, Pedro Augusto"]
[Black "Fernandes, Rene"]
[Result "1-0"]
[WhiteElo "1738"]
[BlackElo "1997"]
[PlyCount "91"]
[EventDate "2018.05.31"]
[EventType "swiss"]
[EventRounds "7"]
[EventCountry "BRA"]
[SourceTitle "EXT 2021"]
[Source "ChessBase"]
[SourceDate "2020.10.23"]
[SourceVersion "1"]
[SourceVersionDate "2020.10.23"]
[SourceQuality "1"]

1. d4 Nf6 2. c4 e6 3. Nc3 d5 4. Bg5 Be7 5. e3 0-0 6. Nf3 h6 7. Bxf6 Bxf6 8. Qc2 c6 9. cxd5 exd5 10. Bd3 Re8 11. 0-0 Be6 12. Rfc1 Nd7 13. b4 Rc8 14. Na4 b5 15. Nc5 Nxc5 16. Qxc5 Qd7 17. Rab1 Bg4 18. Nd2 Bg5 19. Nb3 f5 20. Qc2 f4 21. f3 Be6 22. Nc5 Qd6 23. Nxe6 Qxe6 24. e4 dxe4 25. Bxe4 Red8 26. Bxc6 Qe3+ 27. Qf2 Qd3 28. d5 Bf6 29. Rd1 Qg6 30. Rbc1 Be5 31. Bxb5 Rb8 32. a4 a6 33. Bxa6 Rxb4 34. Bb5 Qf6 35. Qe2 Rb2 36. Rc2 Rb4 37. Rc6 Qg5 38. Re6 Bd4+ 39. Kf1 Be3 40. d6 Qf5 41. Bc4 Kf8 42. Re7 Rd7 43. Be6 Qf6 44. Rxd7 Qxe6 45. Rd8+ Kf7 46. d7 1-0

[Event "Ribeirao Preto op"]
[Site "Ribeirao Preto"]
[Date "2014.04.05"]
[Round "4"]
[White "Fernandes, Rene"]
[Black "Da Silva, Lindolfo Luiz"]
[Result "1/2-1/2"]
[WhiteElo "1979"]
[BlackElo "2184"]
[PlyCount "26"]
[EventDate "2014.04.04"]
[EventType "swiss"]
[EventRounds "6"]
[EventCountry "BRA"]
[SourceTitle "CBM 159 Extra"]
[Source "ChessBase"]
[SourceDate "2014.04.24"]
[SourceVersion "1"]
[SourceVersionDate "2014.04.24"]
[SourceQuality "1"]

1. e4 c5 2. Nf3 Nc6 3. d4 cxd4 4. Nxd4 Nf6 5. Nc3 e5 6. Ndb5 d6 7. Bg5 a6 8. Na3 b5 9. Nd5 Be7 10. Bxf6 Bxf6 11. c3 0-0 12. Nc2 Rb8 13. a3 Bg5 1/2-1/2

[Event "Ribeirao Preto op"]
[Site "Ribeirao Preto"]
[Date "2014.04.04"]
[Round "1"]
[White "Correia, Vitor Paie"]
[Black "Fernandes, Rene"]
[Result "0-1"]
[WhiteElo "1469"]
[BlackElo "1979"]
[PlyCount "70"]
[EventDate "2014.04.04"]
[EventType "swiss"]
[EventRounds "6"]
[EventCountry "BRA"]
[SourceTitle "CBM 159 Extra"]
[Source "ChessBase"]
[SourceDate "2014.04.24"]
[SourceVersion "1"]
[SourceVersionDate "2014.04.24"]
[SourceQuality "1"]

1. e4 c5 2. Nf3 Nc6 3. d4 cxd4 4. Nxd4 Nf6 5. Nc3 e5 6. Nxc6 bxc6 7. Bc4 Bb4 8. Bg5 h6 9. Bxf6 Qxf6 10. Qd3 0-0 11. 0-0 Rd8 12. Rad1 Bb7 13. a3 Bxc3 14. Qxc3 d5 15. Qb3 Rab8 16. Bd3 dxe4 17. Bxe4 Ba6 18. Qc3 Bxf1 19. Rxf1 Rd4 20. Re1 Qd6 21. g3 c5 22. b3 Rd1 23. Rxd1 Qxd1+ 24. Kg2 Qd4 25. Qf3 Rd8 26. Bd3 g6 27. Bc4 Rd7 28. b4 h5 29. Bb5 Re7 30. Qf6 Qd5+ 31. Kg1 Re6 32. Qg5 Qd1+ 33. Kg2 Qxc2 34. Qd8+ Kg7 35. Bc4 Rf6 0-1

[Event "Pedro Moreno Memorial op"]
[Site "Sao Jose de Rio Preto"]
[Date "2007.09.08"]
[Round "3"]
[White "Fernandes, Rene"]
[Black "Silva, Sergio"]
[Result "0-1"]
[WhiteElo "1965"]
[BlackElo "2034"]
[PlyCount "106"]
[EventDate "2007.09.07"]
[EventType "swiss"]
[EventRounds "6"]
[EventCountry "BRA"]
[SourceTitle "EXT 2009"]
[Source "ChessBase"]
[SourceDate "2008.11.26"]
[SourceVersion "1"]
[SourceVersionDate "2008.11.26"]
[SourceQuality "1"]

1. e4 c5 2. Nc3 Nc6 3. f4 g6 4. Nf3 Bg7 5. Bb5 d6 6. d3 Bd7 7. Bxc6 Bxc6 8. 0-0 Nf6 9. Qe1 Qd7 10. e5 Nd5 11. Bd2 Nxc3 12. Bxc3 0-0 13. Qh4 e6 14. Rae1 d5 15. Ng5 h6 16. Nh3 Qd8 17. Qg3 d4 18. Bd2 Kh7 19. Nf2 b5 20. Qh3 a5 21. Ng4 h5 22. Nf2 Rh8 23. Ne4 Bxe4 24. Rxe4 b4 25. Qf3 a4 26. h3 h4 27. Re2 Qd5 28. Qxd5 exd5 29. f5 Rae8 30. f6 Bh6 31. Bxh6 Kxh6 32. e6 Rxe6 33. Rxe6 fxe6 34. Re1 Re8 35. f7 Rf8 36. Rxe6 Rxf7 37. Rc6 c4 38. dxc4 b3 39. axb3 axb3 40. cxd5 bxc2 41. Rxc2 Rf5 42. Rd2 Rxd5 43. Kf2 Kg5 44. Ke2 Kf4 45. Rd3 Ke4 46. g3 Rb5 47. b3 Ra5 48. gxh4 Ra2+ 49. Rd2 d3+ 50. Ke1 Ra1+ 51. Kf2 Kd4 52. Kf3 Kc3 53. Rf2 d2 0-1

[Event "Birigui U2200 op 1st"]
[Site "Birigui"]
[Date "2006.12.08"]
[Round "7"]
[White "Fernandes, Rene"]
[Black "Costa, Paulo Cesar"]
[Result "0-1"]
[WhiteElo "1979"]
[BlackElo "2121"]
[PlyCount "40"]
[EventDate "2006.12.08"]
[EventType "swiss"]
[EventRounds "7"]
[EventCountry "BRA"]
[SourceTitle "EXT 2022"]
[Source "ChessBase"]
[SourceDate "2021.10.06"]
[SourceVersion "1"]
[SourceVersionDate "2021.10.06"]
[SourceQuality "1"]

1. e4 e6 2. d4 d5 3. Nc3 Nf6 4. e5 Nfd7 5. f4 c5 6. Nf3 Nc6 7. Be3 a6 8. Qd2 b5 9. Ne2 Qb6 10. c3 Bb7 11. g4 cxd4 12. Nexd4 Bc5 13. Be2 Nxd4 14. Bxd4 h6 15. 0-0 0-0-0 16. b4 Bxd4+ 17. cxd4 Kb8 18. a4 Bc6 19. axb5 Bxb5 20. Ne1 Bxe2 0-1